Nàng Lyda bạc phận

Đã lưu trong:
Sonraí Bibleagrafaíochta
Príomhúdar: Karamdin. N
Údair Eile: Anh Trúc (Dịch), Đoàn Tử Huyến (Dịch)
Formáid: Leabhar
Teanga:Vietnamese
Foilsithe: Huế Thuận Hóa 1987
Ábhair:
Clibeanna: Cuir Clib Leis
Gan Chlibeanna, Bí ar an gcéad duine leis an taifead seo a chlibeáil!
Thư viện lưu trữ: Mạng thư viện Đại học Đà Nẵng
LEADER 01131nam a2200349 4500
001 000004744
003 885
005 20120411090417.0
008 110804s1987 viesd
020 |c 8000đ 
041 0 |a vie 
082 |a 891.7  |b KA-N 
100 0 |a Karamdin. N 
110 |a Karamdin. N 
245 0 |a Nàng Lyda bạc phận  |c N.Karamdin; L.Turghênhp; Axya; Anh Trúc và Đoàn Tử Huyến dịch 
260 |a Huế  |b Thuận Hóa  |c 1987 
300 |a 177 tr.  |c 19 cm 
653 |a Văn học Nga 
653 |a Truyện ngắn 
700 |a Anh Trúc  |e Dịch 
700 |a Đoàn Tử Huyến  |e Dịch 
910 |a Huỳnh Thị Cẩm Lai  |d 04/08/2011 
OWN |a LSP 
AVA |a UDN50  |b LSP  |d 891.7 KA-N  |e available  |t Error 5001 Not defined in file expand_doc_bib_avail.  |f 2  |g 1  |h N  |i 0  |k 1 
999 |a From the UDN01 
AVA |a UDN50  |b LSP  |d 891.7 KA-N  |e available  |t Error 5001 Not defined in file expand_doc_bib_avail.  |f 2  |g 1  |h N  |i 0  |k 1 
TYP |a Monograph 
TYP |a Printed language 
980 |a Mạng thư viện Đại học Đà Nẵng